[Event "V Festival Terra del Salento A"]
[Site "Gallipoli ITA"]
[Date "2000.06.23"]
[Round "1"]
[White "Cesarini, Lanfranco"]
[Black "Rubillo, Vincenzo"]
[Result "1-0"]
[WhiteElo "2107"]
[BlackElo "1708"]
[PlyCount "47"]
[EventDate "2000.06.23"]

1. Nf3 Nf6 2. g3 d5 3. Bg2 Nbd7 4. d3 c6 5. O-O e5 6. Nbd2 Bd6 7. e4 O-O 8. Re1
dxe4 9. dxe4 Bc5 10. Nc4 Qc7 11. c3 b5 12. Ne3 Nxe4 13. Qc2 f5 14. b4 Bb6 15.
c4 bxc4 16. Qxc4+ Kh8 17. a4 Nxf2 18. Kxf2 f4 19. Kg1 Bxe3+ 20. Bxe3 fxe3 21.
a5 Nf6 22. Rxe3 Rb8 23. Nxe5 Qe7 24. Ng6+ 1-0

[Event "V Festival Terra del Salento A"]
[Site "Gallipoli ITA"]
[Date "2000.06.23"]
[Round "1"]
[White "Di Lascio, Savino"]
[Black "Piscopo, Pierluigi"]
[Result "0-1"]
[WhiteElo "1702"]
[BlackElo "2094"]
[PlyCount "112"]
[EventDate "2000.06.23"]

1. Nf3 g6 2. g3 Bg7 3. Bg2 e5 4. d3 Nc6 5. O-O d6 6. e4 Nge7 7. Be3 O-O 8. c3
d5 9. exd5 Nxd5 10. Bc5 Re8 11. Qc2 Bg4 12. Nbd2 Qd7 13. Ng5 h6 14. f3 Bf5 15.
Nge4 b6 16. Bf2 Rad8 17. Rad1 Be6 18. Rfe1 f5 19. Nf1 Nde7 20. Ned2 Qxd3 21.
Qxd3 Rxd3 22. Nb3 Red8 23. Ne3 Rxd1 24. Rxd1 Rxd1+ 25. Nxd1 a5 26. Ne3 a4 27.
Nc1 a3 28. b3 Nd5 29. Nc2 Nxc3 30. Nxa3 Nb4 31. Nc4 Nbxa2 32. Nd3 e4 33. fxe4
fxe4 34. Nf4 Bf7 35. Bh3 Nc1 36. Ne6 Nxb3 37. Nxb6 cxb6 38. Bxb6 Nd5 39. Ba7
Bc3 40. Nd8 Bd4+ 41. Bxd4 Nxd4 42. Nxf7 Kxf7 43. Bg2 Nf6 44. Kf1 Ke6 45. h3 Ke5
46. Kf2 Nf5 47. Bf1 Kd4 48. g4 Ne7 49. Be2 Kc3 50. h4 Kd2 51. g5 hxg5 52. hxg5
e3+ 53. Kf3 Ne4 54. Ba6 Nc5 55. Bf1 Nd5 56. Be2 Nc3 0-1

[Event "V Festival Terra del Salento A"]
[Site "Gallipoli ITA"]
[Date "2000.06.23"]
[Round "1"]
[White "Ferri, Giuseppe"]
[Black "Indelicati, Giuseppe"]
[Result "0-1"]
[WhiteElo "1747"]
[BlackElo "2204"]
[PlyCount "98"]
[EventDate "2000.06.23"]

1. d4 Nf6 2. g3 g6 3. Bg2 Bg7 4. c4 O-O 5. Nc3 d6 6. Nf3 Nc6 7. O-O Nd7 8. b3
e5 9. dxe5 dxe5 10. e4 Nd4 11. Bb2 Re8 12. Nd5 Nxf3+ 13. Qxf3 c6 14. Nc3 Nf8
15. Rad1 Qe7 16. Qd3 Ne6 17. Ne2 Rd8 18. Qe3 b6 19. Rd2 Bb7 20. Rfd1 Rxd2 21.
Rxd2 Rd8 22. Rxd8+ Qxd8 23. h4 Qd1+ 24. Kh2 Qc2 25. Bc3 Qxa2 26. Nc1 Qc2 27.
Qd2 Qxd2 28. Bxd2 a5 29. Ne2 Bf8 30. f4 exf4 31. gxf4 Bc5 32. Kg3 Kf8 33. Kf3
Ke7 34. Bh3 Nd4+ 35. Nxd4 Bxd4 36. Ke2 Kd6 37. Kd3 Bf2 38. Be3 Bxe3 39. Kxe3
Kc5 40. Kd3 Kb4 41. Kc2 c5 42. e5 a4 43. bxa4 Kxc4 44. e6 fxe6 45. Bxe6+ Kb4
46. Bd7 Bd5 47. Kb2 Bb3 48. f5 gxf5 49. Bxf5 h6 0-1

[Event "V Festival Terra del Salento A"]
[Site "Gallipoli ITA"]
[Date "2000.06.23"]
[Round "1"]
[White "Limongelli, Sergio"]
[Black "Ausmins, Elmar"]
[Result "0-1"]
[WhiteElo "1800"]
[BlackElo "2255"]
[PlyCount "112"]
[EventDate "2000.06.23"]

1. e4 c5 2. Nf3 d6 3. d4 cxd4 4. Nxd4 Nf6 5. Nc3 Nc6 6. Bb5 Bd7 7. O-O g6 8. b3
Bg7 9. Be3 O-O 10. Qd2 Nxd4 11. Bxd4 Nxe4 12. Nxe4 Bxb5 13. Rfe1 Bxd4 14. Qxd4
Qc7 15. Rad1 Bc6 16. c3 Qa5 17. Nd2 Qg5 18. Ne4 Qh4 19. Qd3 Qxe4 20. Qxe4 Bxe4
21. Rxe4 Rfe8 22. h4 f5 23. Rb4 b6 24. g4 Rac8 25. Rdd4 Rc5 26. gxf5 Rxf5 27.
Rbc4 Rc5 28. Rxc5 bxc5 29. Ra4 Ra8 30. b4 cxb4 31. cxb4 Kf7 32. b5 Rb8 33. Ra5
Rb7 34. a4 Ke6 35. Kg2 d5 36. Ra6+ Ke5 37. Kf3 e6 38. Ke3 d4+ 39. Kd3 Rc7 40.
a5 Rc3+ 41. Kd2 Rb3 42. Rxa7 Rxb5 43. a6 Rb2+ 44. Kd3 Rxf2 45. Rxh7 Ra2 46. a7
Ra3+ 47. Kd2 Ke4 48. Rg7 Ra2+ 49. Kc1 e5 50. Rxg6 Rxa7 51. h5 Ra1+ 52. Kd2 Ra2+
53. Ke1 Rh2 54. h6 Ke3 55. Rg3+ Kf4 56. Rg6 e4 0-1

[Event "V Festival Terra del Salento A"]
[Site "Gallipoli ITA"]
[Date "2000.06.23"]
[Round "1"]
[White "Quaranta, Vitaliano"]
[Black "Perissinotto, Claudio"]
[Result "1/2-1/2"]
[WhiteElo "1711"]
[BlackElo "2130"]
[PlyCount "63"]
[EventDate "2000.06.23"]

1. e4 d6 2. d4 Nf6 3. Bd3 e5 4. d5 Be7 5. Ne2 Nbd7 6. c4 O-O 7. Nbc3 Nh5 8. O-O
Bg5 9. Bd2 a6 10. Qc1 Bxd2 11. Qxd2 Qh4 12. f4 exf4 13. Nxf4 Ne5 14. Nxh5 Qxh5
15. Be2 Qh4 16. Qf4 Qxf4 17. Rxf4 Bd7 18. Raf1 Rae8 19. b3 Re7 20. h3 Rb8 21.
R4f2 Be8 22. Rd1 Nd7 23. Bf3 b5 24. cxb5 axb5 25. b4 Nb6 26. Rc1 Nc4 27. Be2
Nd2 28. Bd3 Nc4 29. Bxc4 bxc4 30. Rb2 c6 31. a4 Reb7 32. Rcb1 1/2-1/2

[Event "V Festival Terra del Salento A"]
[Site "Gallipoli ITA"]
[Date "2000.06.23"]
[Round "1"]
[White "Quimi, Marco"]
[Black "Schiappoli, Dario"]
[Result "1/2-1/2"]
[WhiteElo "2217"]
[BlackElo "1767"]
[PlyCount "117"]
[EventDate "2000.06.23"]

1. e4 c5 2. Nf3 d6 3. d4 cxd4 4. Nxd4 Nf6 5. Nc3 a6 6. Be3 e5 7. Nf3 Qc7 8. Be2
Be7 9. O-O b5 10. Nd2 Bb7 11. a3 Nbd7 12. f3 O-O 13. Nb3 Rac8 14. Qd2 Rfd8 15.
Rfd1 Nb6 16. Na5 Ba8 17. Qe1 d5 18. exd5 Nbxd5 19. Nxd5 Nxd5 20. Bf2 Qxc2 21.
Rd2 Qa4 22. b4 Nc3 23. Bd3 Rxd3 24. Rxd3 Qc2 25. Qd2 Ne2+ 26. Kf1 e4 27. fxe4
Bxe4 28. Qxc2 Rxc2 29. Re3 Nc3 30. Rae1 f5 31. Nb3 Bf6 32. Rc1 Rxc1+ 33. Nxc1
Nd1 34. Rh3 Nxf2 35. Kxf2 Bd4+ 36. Kf1 g5 37. Ne2 Bf6 38. Re3 Kf7 39. g4 Bc2
40. gxf5 Bxf5 41. Ng3 Bc8 42. Ke2 h5 43. Ne4 Bg4+ 44. Kd2 Be7 45. Kd3 Kg6 46.
Nc5 Bf5+ 47. Kd4 Bd6 48. Re2 g4 49. Kd5 Bf4 50. Nxa6 h4 51. Nc5 g3 52. hxg3
hxg3 53. Ne6 Bb8 54. Nd4 Bd3 55. Re8 Bf4 56. Ne6 Bc4+ 57. Ke4 Bc1 58. Nf4+ Bxf4
59. Kxf4 1/2-1/2

[Event "V Festival Terra del Salento A"]
[Site "Gallipoli ITA"]
[Date "2000.06.23"]
[Round "1"]
[White "Rotelli, Pietro"]
[Black "Inkiov, Ventzislav V."]
[Result "0-1"]
[WhiteElo "1911"]
[BlackElo "2438"]
[PlyCount "64"]
[EventDate "2000.06.23"]

1. d4 Nf6 2. c4 e6 3. a3 d5 4. e3 c5 5. dxc5 Bxc5 6. b4 Bd6 7. Bb2 Nc6 8. Nf3
O-O 9. c5 Be7 10. Bb5 a5 11. Bxc6 bxc6 12. O-O Rb8 13. Be5 Ra8 14. Nbd2 Ba6 15.
Re1 Nd7 16. Bc3 Qc7 17. e4 Rfe8 18. Qc2 h6 19. Nb3 axb4 20. axb4 dxe4 21. Qxe4
Bf6 22. Nbd4 Bc4 23. Rxa8 Rxa8 24. Bd2 Bd5 25. Qg4 Kh7 26. Bf4 Qb7 27. Bd2 Ra2
28. Rc1 Ne5 29. Nxe5 Bxe5 30. Nc2 f5 31. Qd1 Bb3 32. f4 Bb2 0-1

[Event "V Festival Terra del Salento A"]
[Site "Gallipoli ITA"]
[Date "2000.06.23"]
[Round "1"]
[White "Vujovic, Milorad"]
[Black "Maccario, Mauro"]
[Result "1-0"]
[WhiteElo "2316"]
[BlackElo "1824"]
[PlyCount "83"]
[EventDate "2000.06.23"]

1. e4 d5 2. exd5 Qxd5 3. Nc3 Qd6 4. Bc4 Nf6 5. Nf3 a6 6. a4 Bg4 7. h3 Bh5 8. b3
e6 9. Ba3 c5 10. O-O Nc6 11. Re1 O-O-O 12. Be2 Qc7 13. d3 h6 14. Nd2 Bxe2 15.
Qxe2 Nd4 16. Qd1 Be7 17. Bb2 Kb8 18. Nc4 Nd5 19. Nxd5 exd5 20. Ne5 Bd6 21. Bxd4
cxd4 22. Nf3 Bb4 23. Re5 Bc3 24. Rb1 f6 25. Re2 Rhe8 26. b4 Qd7 27. b5 a5 28.
Nd2 Rxe2 29. Qxe2 Re8 30. Qd1 Qd6 31. Qh5 Re7 32. Nf3 Qc5 33. Qg4 Qc8 34. Qh4
Re2 35. Nxd4 Bxd4 36. Qxd4 Rxc2 37. Qf4+ Qc7 38. Qe3 Qd6 39. b6 d4 40. Qe8+ Rc8
41. Qb5 Rc5 42. Re1 1-0

[Event "V Festival Terra del Salento A"]
[Site "Gallipoli ITA"]
[Date "2000.06.23"]
[Round "2"]
[White "Ausmins, Elmar"]
[Black "Laketic, Gojko"]
[Result "1-0"]
[WhiteElo "2255"]
[BlackElo "2456"]
[PlyCount "39"]
[EventDate "2000.06.23"]

1. d4 d6 2. e4 g6 3. Bc4 Bg7 4. Qf3 e6 5. Ne2 Nd7 6. h4 c5 7. c3 Ngf6 8. h5
Nxh5 9. g4 Nhf6 10. Bf4 cxd4 11. Bxd6 Qb6 12. e5 Qxb2 13. exf6 Bf8 14. Bc7 Qxa1
15. O-O Qb2 16. Nxd4 Bc5 17. Nxe6 fxe6 18. Bxe6 Nxf6 19. Qxf6 Rf8 20. Qd8# 1-0

[Event "V Festival Terra del Salento A"]
[Site "Gallipoli ITA"]
[Date "2000.06.23"]
[Round "2"]
[White "Indelicati, Giuseppe"]
[Black "Vujovic, Milorad"]
[Result "0-1"]
[WhiteElo "2204"]
[BlackElo "2316"]
[PlyCount "134"]
[EventDate "2000.06.23"]

1. e4 c5 2. c3 e6 3. d4 d5 4. e5 Nc6 5. Nf3 Qb6 6. Bd3 Bd7 7. O-O cxd4 8. cxd4
Nxd4 9. Nxd4 Qxd4 10. Nc3 a6 11. Qe2 Ne7 12. Kh1 Nc6 13. f4 Nb4 14. Rd1 Nxd3
15. Rxd3 Qc4 16. b3 Qc7 17. Bb2 Rc8 18. f5 Bb4 19. Qg4 Bf8 20. Qg3 b5 21. fxe6
Bxe6 22. Rad1 Rd8 23. Ne4 Qc2 24. Qf2 Qxf2 25. Nxf2 Rc8 26. Rc3 Rxc3 27. Bxc3
Be7 28. Bd4 Kd7 29. Rc1 Rc8 30. Rxc8 Kxc8 31. Nd3 Bf5 32. Nc5 Bxc5 33. Bxc5 Kd7
34. Kg1 Ke6 35. Kf2 Kxe5 36. Ke3 g5 37. b4 Be4 38. g3 Kf5 39. h4 f6 40. Be7 h6
41. Bf8 Kg6 42. Be7 Bb1 43. a3 Kf5 44. Bd8 Ke5 45. Bc7+ Ke6 46. Bd8 Bc2 47. Kd4
Bb3 48. Ke3 Kf7 49. Kd4 Kg6 50. Ke3 f5 51. hxg5 hxg5 52. Bc7 Kh5 53. Bd8 Kg4
54. Bc7 Bc2 55. Be5 f4+ 56. gxf4 gxf4+ 57. Kf2 Kf5 58. Bc7 Ke4 59. Bd8 Bd1 60.
Bc7 Bh5 61. Bd8 Kd3 62. Bc7 f3 63. Be5 Kc2 64. Bd4 Kb3 65. Ke3 Kxa3 66. Bc3 Kb3
67. Be1 Kc4 0-1

[Event "V Festival Terra del Salento A"]
[Site "Gallipoli ITA"]
[Date "2000.06.23"]
[Round "2"]
[White "Inkiov, Ventzislav V."]
[Black "Cesarini, Lanfranco"]
[Result "1-0"]
[WhiteElo "2438"]
[BlackElo "2107"]
[PlyCount "67"]
[EventDate "2000.06.23"]

1. d4 Nf6 2. c4 g6 3. Nc3 d6 4. Nf3 Bg7 5. Bg5 O-O 6. e3 Nbd7 7. Qc2 c5 8. Be2
b6 9. O-O Bb7 10. d5 a6 11. a4 Ng4 12. Nd2 Ngf6 13. f4 Qc8 14. e4 e5 15. f5 h6
16. Be3 Nh7 17. h4 Qd8 18. g3 Ndf6 19. Kg2 Bc8 20. g4 Ne8 21. Nf3 Ra7 22. g5
hxg5 23. hxg5 f6 24. Nh4 gxf5 25. g6 Ng5 26. Nxf5 Bxf5 27. exf5 Bh6 28. Rh1 Kg7
29. Bxg5 fxg5 30. Rxh6 Kxh6 31. Rh1+ Kg7 32. Rh7+ Kg8 33. Rxa7 g4 34. Qc1 1-0

[Event "V Festival Terra del Salento A"]
[Site "Gallipoli ITA"]
[Date "2000.06.23"]
[Round "2"]
[White "Maccario, Mauro"]
[Black "Di Lascio, Savino"]
[Result "1/2-1/2"]
[WhiteElo "1824"]
[BlackElo "1702"]
[PlyCount "130"]
[EventDate "2000.06.23"]

1. c4 Nf6 2. Nc3 e5 3. g3 Bc5 4. Bg2 O-O 5. e3 c6 6. Nge2 d6 7. d4 Bb6 8. O-O
Bg4 9. h3 Bh5 10. b4 Re8 11. dxe5 dxe5 12. Qb3 Qe7 13. c5 Bc7 14. e4 Nbd7 15.
g4 Bg6 16. Ng3 a5 17. Be3 axb4 18. Qxb4 b6 19. Nf5 Bxf5 20. exf5 bxc5 21. Qc4
e4 22. Ne2 Ra5 23. Ng3 Ne5 24. Qe2 Nf3+ 25. Bxf3 exf3 26. Qxf3 Nd5 27. Bd2 Ra4
28. Rfe1 Be5 29. Qb3 Qa7 30. Rab1 f6 31. Be3 Ra3 32. Qc4 Rc3 33. Qe4 Re7 34.
Qg2 Qxa2 35. Ra1 Qc4 36. Bd2 Rc2 37. Ra8+ Kf7 38. Ne4 Rxd2 39. Nxd2 Bh2+ 40.
Kxh2 Qf4+ 41. Qg3 Qxg3+ 42. Kxg3 Rxe1 43. Ra7+ Re7 44. Ra5 Re2 45. Ra7+ Ne7 46.
Nc4 g6 47. Kf3 Re1 48. Nd6+ Kf8 49. fxg6 hxg6 50. Ne4 c4 51. Nxf6 c3 52. Ra2
Nd5 53. Ne4 Rc1 54. Ra4 c2 55. Rc4 Nb4 56. Nc3 Rb1 57. Ne2 Nd3 58. Ke3 c1=Q+
59. Nxc1 Nxc1 60. Rxc6 Kg7 61. h4 Na2 62. h5 gxh5 63. gxh5 Nb4 64. Rg6+ Kh7 65.
f4 Rh1 1/2-1/2

[Event "V Festival Terra del Salento A"]
[Site "Gallipoli ITA"]
[Date "2000.06.23"]
[Round "2"]
[White "Palma, Antonio"]
[Black "Rotelli, Pietro"]
[Result "0-1"]
[WhiteElo "1735"]
[BlackElo "1911"]
[PlyCount "62"]
[EventDate "2000.06.23"]

1. d4 d5 2. c4 c6 3. Nc3 Nf6 4. Nf3 e6 5. e3 Nbd7 6. Bd3 Bd6 7. O-O O-O 8. b3
b6 9. Bb2 Bb7 10. cxd5 exd5 11. Re1 Re8 12. Qc2 c5 13. Nb5 Bb8 14. dxc5 bxc5
15. Red1 a6 16. Nc3 Qc7 17. Ne2 d4 18. Ng3 Bxf3 19. gxf3 dxe3 20. fxe3 Rxe3 21.
Qf2 Ba7 22. Qxe3 c4 23. Bd4 cxd3 24. Qxd3 Ne5 25. Qe2 Bxd4+ 26. Rxd4 Qc3 27.
Rdd1 Nxf3+ 28. Kg2 Nh4+ 29. Kh3 Ng6 30. Rac1 Nf4+ 31. Kh4 Nxe2 0-1

[Event "V Festival Terra del Salento A"]
[Site "Gallipoli ITA"]
[Date "2000.06.23"]
[Round "2"]
[White "Patavia, Antonio"]
[Black "Ferri, Giuseppe"]
[Result "1/2-1/2"]
[WhiteElo "2088"]
[BlackElo "1747"]
[PlyCount "124"]
[EventDate "2000.06.23"]

1. c4 Nf6 2. Nc3 g6 3. g3 Bg7 4. Bg2 O-O 5. e4 d6 6. Nge2 c5 7. O-O Nc6 8. d3
Nd7 9. f4 Nd4 10. Be3 Nb8 11. Qd2 Nbc6 12. h3 f5 13. Rae1 a6 14. Kh2 Bd7 15.
Bg1 Rb8 16. Nxd4 cxd4 17. Ne2 e5 18. b4 Kh8 19. c5 dxc5 20. bxc5 Qc7 21. fxe5
Bxe5 22. exf5 Bxf5 23. Bxc6 bxc6 24. Bxd4 Qg7 25. Bxe5 Qxe5 26. d4 Qc7 27. Rf2
Rfe8 28. Nf4 Rbd8 29. Rxe8+ Rxe8 30. Re2 Re7 31. d5 Rxe2+ 32. Nxe2 cxd5 33.
Qxd5 Qe7 34. Nf4 Qe1 35. c6 Qf2+ 36. Qg2 Qc5 37. Qb2+ Kg8 38. g4 Bc8 39. Qb3+
Kg7 40. Qb7+ Bxb7 41. Ne6+ Kf6 42. Nxc5 Bc8 43. Kg3 Ke5 44. Nd7+ Kd6 45. Nf8
Kxc6 46. Nxh7 Be6 47. a3 Kb5 48. Nf8 Bf7 49. Kf4 Ka4 50. Kg5 Kxa3 51. Nxg6 a5
52. h4 a4 53. h5 Kb3 54. Kf6 a3 55. Kxf7 a2 56. h6 a1=Q 57. h7 Qa7+ 58. Kg8
Qa8+ 59. Kg7 Qa1+ 60. Kf7 Qa7+ 61. Ne7 Qd4 62. Ng6 Qa7+ 1/2-1/2

[Event "V Festival Terra del Salento A"]
[Site "Gallipoli ITA"]
[Date "2000.06.23"]
[Round "2"]
[White "Perissinotto, Claudio"]
[Black "Sansonetti, Giorgio"]
[Result "0-1"]
[WhiteElo "2130"]
[BlackElo "2189"]
[PlyCount "44"]
[EventDate "2000.06.23"]

1. e4 e6 2. d4 d5 3. Nd2 dxe4 4. Nxe4 Bd7 5. Nf3 Bc6 6. Bd3 Nd7 7. Qe2 Ngf6 8.
O-O Be7 9. c4 Bxe4 10. Bxe4 Nxe4 11. Qxe4 c6 12. Rd1 Nf6 13. Qe2 O-O 14. Ne5 a6
15. Rd3 Qc8 16. Rg3 Rd8 17. Bh6 g6 18. Rd1 b5 19. Qf3 Rd6 20. Bg5 Kg7 21. Bh6+
Kxh6 22. Nxf7+ Kg7 0-1

[Event "V Festival Terra del Salento A"]
[Site "Gallipoli ITA"]
[Date "2000.06.23"]
[Round "2"]
[White "Piscopo, Pierluigi"]
[Black "Quimi, Marco"]
[Result "1-0"]
[WhiteElo "2094"]
[BlackElo "2217"]
[PlyCount "113"]
[EventDate "2000.06.23"]

1. e4 c5 2. Nf3 d6 3. d4 cxd4 4. Nxd4 Nf6 5. Nc3 g6 6. Be3 Bg7 7. f3 O-O 8. Qd2
Nc6 9. Bc4 Bd7 10. g4 Qa5 11. O-O-O Rfc8 12. Be2 Ne5 13. h4 h5 14. gxh5 Nxh5
15. Nb3 Qd8 16. Bd4 Be6 17. f4 Nc4 18. Bxc4 Bxc4 19. Bxg7 Kxg7 20. f5 Bxb3 21.
axb3 Qa5 22. Qd4+ Kh7 23. Nd5 Ng3 24. Rhe1 gxf5 25. Nxe7 Re8 26. Qf6 Qa1+ 27.
Kd2 Qa5+ 28. Kc1 Qa1+ 29. Kd2 Qa5+ 30. c3 Qe5 31. Qxf7+ Qg7 32. Qxg7+ Kxg7 33.
Nxf5+ Nxf5 34. exf5 Kf6 35. Rxe8 Rxe8 36. Re1 Rd8 37. Re6+ Kxf5 38. Re7 Rb8 39.
Rd7 Kg4 40. Rh7 a5 41. Kd3 b5 42. Kd4 Rf8 43. Ra7 a4 44. bxa4 bxa4 45. Kd5 Rf4
46. c4 Rf2 47. Rxa4 Rd2+ 48. Kc6 Rxb2 49. c5+ Kf5 50. cxd6 Ke5 51. Ra1 Rc2+ 52.
Kd7 Rg2 53. Ra5+ Kf6 54. h5 Rh2 55. Rd5 Rh1 56. Kc7 Ke6 57. d7 1-0

[Event "V Festival Terra del Salento A"]
[Site "Gallipoli ITA"]
[Date "2000.06.23"]
[Round "2"]
[White "Rubillo, Vincenzo"]
[Black "Limongelli, Sergio"]
[Result "0-1"]
[WhiteElo "1708"]
[BlackElo "1800"]
[PlyCount "50"]
[EventDate "2000.06.23"]

1. d4 Nf6 2. c4 e6 3. Nf3 d5 4. Bg5 Be7 5. Nc3 h6 6. Bh4 b6 7. e3 Ba6 8. Ne5
dxc4 9. Qa4+ Nfd7 10. Bg3 O-O 11. Bxc4 Bb7 12. Qc2 Nxe5 13. Bxe5 Bd6 14. a3
Bxe5 15. dxe5 Qg5 16. O-O-O Qxe5 17. Ba2 a5 18. Bb1 f5 19. Rhg1 b5 20. g4 b4
21. Na4 Ra6 22. Qb3 Bd5 23. Qd3 Rc6+ 24. Kd2 Bf3 25. Ke1 Rd6 0-1

[Event "V Festival Terra del Salento A"]
[Site "Gallipoli ITA"]
[Date "2000.06.24"]
[Round "3"]
[White "Di Lascio, Savino"]
[Black "Rubillo, Vincenzo"]
[Result "0-1"]
[WhiteElo "1702"]
[BlackElo "1708"]
[PlyCount "74"]
[EventDate "2000.06.23"]

1. Nf3 Nf6 2. g3 d5 3. Bg2 Nbd7 4. O-O e5 5. d3 Bc5 6. Nbd2 O-O 7. c3 Re8 8. b4
Bb6 9. Bb2 e4 10. dxe4 dxe4 11. Nd4 e3 12. fxe3 Ng4 13. Nc4 Qg5 14. Nxb6 Qxe3+
15. Kh1 axb6 16. Qb3 Ndf6 17. h3 Be6 18. Nxe6 Rxe6 19. c4 Nf2+ 20. Rxf2 Qxf2
21. Qf3 Qxe2 22. Qxe2 Rxe2 23. Bxf6 gxf6 24. a4 c6 25. b5 cxb5 26. cxb5 Ra7 27.
g4 Rb2 28. Bd5 Rxb5 29. Bxb7 Rb3 30. Bg2 Ra5 31. Rf1 Kg7 32. Rf4 Ra3 33. Rb4
Ra6 34. Bf1 R3xa4 35. Rb3 Ra1 36. Kg1 R6a3 37. Rxb6 Rf3 0-1

[Event "V Festival Terra del Salento A"]
[Site "Gallipoli ITA"]
[Date "2000.06.24"]
[Round "3"]
[White "Ferri, Giuseppe"]
[Black "Perissinotto, Claudio"]
[Result "0-1"]
[WhiteElo "1747"]
[BlackElo "2130"]
[PlyCount "94"]
[EventDate "2000.06.23"]

1. d4 d5 2. g3 Nf6 3. Bg2 c6 4. Nf3 h6 5. Nbd2 Bf5 6. O-O e6 7. c4 Nbd7 8. b3
Be7 9. Bb2 O-O 10. Ne5 Qc7 11. Rc1 Nxe5 12. dxe5 Ng4 13. cxd5 exd5 14. Nf3 Be4
15. h3 Bxf3 16. Bxf3 Nxe5 17. Qxd5 Nxf3+ 18. Qxf3 Rfd8 19. Rfd1 Rd6 20. Kg2 Qd7
21. e3 Rd8 22. Rxd6 Qxd6 23. Rc2 Qd3 24. Qe2 c5 25. Qxd3 Rxd3 26. Kf3 f6 27.
Ke2 Rd7 28. Rd2 Rc7 29. Rc2 Kf7 30. e4 Ke6 31. Ke3 g6 32. f4 Bd6 33. g4 g5 34.
f5+ Ke7 35. Kd3 b5 36. Rc1 Rc6 37. Rc2 Bf4 38. Ba3 Kd6 39. Bb2 Be5 40. Ba3 a5
41. Rc1 b4 42. Bxb4 axb4 43. Kc4 Bd4 44. Rc2 Rc8 45. h4 Ke5 46. hxg5 hxg5 47.
Kd3 Rh8 0-1

[Event "V Festival Terra del Salento A"]
[Site "Gallipoli ITA"]
[Date "2000.06.24"]
[Round "3"]
[White "Laketic, Gojko"]
[Black "Indelicati, Giuseppe"]
[Result "1-0"]
[WhiteElo "2456"]
[BlackElo "2204"]
[PlyCount "63"]
[EventDate "2000.06.23"]

1. d4 Nf6 2. c4 g6 3. Nc3 Bg7 4. e4 O-O 5. Nf3 d6 6. Be2 Bg4 7. Be3 Nfd7 8. Rc1
c5 9. d5 a6 10. a4 Qa5 11. O-O Bxf3 12. Bxf3 Qb4 13. Be2 Qxb2 14. Bd2 Qb6 15.
h4 Nf6 16. Rb1 Qc7 17. h5 Nbd7 18. g3 Rfe8 19. Kg2 e6 20. dxe6 Rxe6 21. hxg6
hxg6 22. f3 Ne5 23. Rh1 Ree8 24. Qg1 Ned7 25. Qh2 Re5 26. g4 b5 27. g5 Nh5 28.
f4 b4 29. Nd5 Rxd5 30. exd5 Nf8 31. Bxh5 gxh5 32. f5 1-0

[Event "V Festival Terra del Salento A"]
[Site "Gallipoli ITA"]
[Date "2000.06.24"]
[Round "3"]
[White "Piscopo, Pierluigi"]
[Black "Ausmins, Elmar"]
[Result "0-1"]
[WhiteElo "2094"]
[BlackElo "2255"]
[PlyCount "130"]
[EventDate "2000.06.23"]

1. e4 c5 2. Nf3 d6 3. d4 cxd4 4. Nxd4 Nf6 5. Nc3 Nc6 6. Bc4 Qb6 7. Nxc6 bxc6 8.
Qe2 e5 9. b3 Be7 10. O-O O-O 11. h3 Qa5 12. Bb2 g6 13. f4 Nh5 14. fxe5 Ng3 15.
Qf3 Nxf1 16. Rxf1 Be6 17. exd6 Bg5 18. Qg3 Bxc4 19. Nd5 f6 20. Qxg5 Qxd5 21.
exd5 fxg5 22. Rxf8+ Kxf8 23. bxc4 c5 24. Ba3 Ke8 25. Bxc5 Rc8 26. Bb4 Rxc4 27.
c3 Rf4 28. a3 Kd7 29. g3 Rc4 30. Kf2 a5 31. Bxa5 Kxd6 32. Ke3 Kxd5 33. Kd3 h5
34. Ke3 Re4+ 35. Kf3 Re8 36. Bb4 Kc4 37. h4 gxh4 38. gxh4 Kd3 39. a4 Re3+ 40.
Kg2 Ke4 41. a5 Kf5 42. a6 Re2+ 43. Kf3 Ra2 44. Be7 Rxa6 45. Bg5 Re6 46. Be3 Re4
47. Bf2 Rf4+ 48. Ke2 Ke4 49. c4 Rf3 50. c5 Ra3 51. Ke1 Ra1+ 52. Ke2 Ra2+ 53.
Ke1 Rc2 54. Bg3 Rxc5 55. Bd6 Rc6 56. Be7 Kf3 57. Bg5 Rd6 58. Bh6 Rd5 59. Bg7
Kg4 60. Bf6 Rf5 61. Bd8 Re5+ 62. Kf2 Rf5+ 63. Ke3 Rf1 64. Bg5 Rh1 65. Bd8 Rxh4
0-1

[Event "V Festival Terra del Salento A"]
[Site "Gallipoli ITA"]
[Date "2000.06.24"]
[Round "3"]
[White "Quaranta, Vitaliano"]
[Black "Maccario, Mauro"]
[Result "1/2-1/2"]
[WhiteElo "1711"]
[BlackElo "1824"]
[PlyCount "49"]
[EventDate "2000.06.23"]

1. e4 d5 2. exd5 Qxd5 3. Nc3 Qd6 4. d3 Nf6 5. Be2 a6 6. Nf3 Bg4 7. Nd2 Bxe2 8.
Qxe2 Nc6 9. Nde4 Nxe4 10. Nxe4 Qg6 11. f3 O-O-O 12. Be3 e5 13. O-O-O Nd4 14.
Qf2 f5 15. Nc3 Be7 16. Ne2 Qf6 17. Rde1 c5 18. Kb1 Rhe8 19. Rhf1 Qc6 20. Nxd4
cxd4 21. Bc1 Bf6 22. Re2 Kb8 23. Rfe1 Rc8 24. g4 g6 25. Qg2 1/2-1/2

[Event "V Festival Terra del Salento A"]
[Site "Gallipoli ITA"]
[Date "2000.06.24"]
[Round "3"]
[White "Quimi, Marco"]
[Black "Palma, Antonio"]
[Result "1-0"]
[WhiteElo "2217"]
[BlackElo "1735"]
[PlyCount "153"]
[EventDate "2000.06.23"]

1. e4 e6 2. d4 d5 3. e5 c5 4. c3 Qb6 5. Nf3 Nc6 6. a3 Nh6 7. b4 cxd4 8. cxd4
Nf5 9. Be3 Be7 10. Nc3 f6 11. Na4 Qd8 12. exf6 Bxf6 13. Bd3 Nxe3 14. fxe3 O-O
15. O-O e5 16. b5 Nxd4 17. Bxh7+ Kxh7 18. exd4 Bg4 19. dxe5 Bxe5 20. Ra2 Bf4
21. Nc3 Be3+ 22. Kh1 d4 23. Re2 Rc8 24. Ne4 Bxf3 25. gxf3 Rxf3 26. Rfe1 Qh4 27.
Qd3 Kh8 28. Nd6 Rcf8 29. Qb1 Rf2 30. Rxf2 Qxf2 31. Qd1 Qf4 32. Qh5+ Kg8 33.
Qd5+ Kh8 34. Qh5+ Kg8 35. Qd5+ Kh8 36. Nxb7 Qf3+ 37. Qxf3 Rxf3 38. Rd1 Rf5 39.
a4 Kg8 40. Kg2 Kf8 41. Nd6 Rf2+ 42. Kg3 Rf6 43. Nc4 Bf2+ 44. Kg2 Ke7 45. a5 Kd8
46. Rd2 Be1 47. Rxd4+ Kc7 48. Re4 Rg6+ 49. Kf3 Bb4 50. h4 Bc5 51. Re5 Bd4 52.
Re7+ Kd8 53. Rb7 Kc8 54. Rf7 Rf6+ 55. Rxf6 Bxf6 56. h5 Bc3 57. Ke4 Kc7 58. Kd5
Be1 59. b6+ axb6 60. axb6+ Kb7 61. Kc5 Bf2+ 62. Kb5 Bg3 63. Na5+ Kc8 64. Kc6
Kd8 65. Nc4 Ke7 66. b7 Bb8 67. Nb6 Kf7 68. Nd7 Bf4 69. Kd5 Bc7 70. Ke4 Kg8 71.
Kf5 Kh7 72. Kg5 Bd8+ 73. Kg4 Bc7 74. Nf8+ Kh6 75. Ne6 Bb8 76. Nf4 Bd6 77. Ng6
1-0

[Event "V Festival Terra del Salento A"]
[Site "Gallipoli ITA"]
[Date "2000.06.24"]
[Round "3"]
[White "Sansonetti, Giorgio"]
[Black "Schiappoli, Dario"]
[Result "1-0"]
[WhiteElo "2189"]
[BlackElo "1767"]
[PlyCount "81"]
[EventDate "2000.06.23"]

1. d4 Nf6 2. Nf3 c5 3. d5 e6 4. Nc3 exd5 5. Nxd5 Nxd5 6. Qxd5 Nc6 7. c3 d6 8.
Bg5 Qb6 9. Qd2 h6 10. Bh4 Be6 11. e3 g5 12. Bg3 O-O-O 13. Bd3 Be7 14. Qc2 h5
15. h4 g4 16. Nd2 Ne5 17. Be2 Rd7 18. a4 Qd8 19. Bb5 Rc7 20. Bd3 Nxd3+ 21. Qxd3
Rc6 22. a5 d5 23. Qb5 Bd7 24. Qd3 Be6 25. a6 b6 26. Qb5 Qd7 27. O-O Bd6 28. e4
Bxg3 29. fxg3 Rd6 30. Qe2 Rd8 31. e5 Rc6 32. Rad1 Qc7 33. Qe3 d4 34. Qg5 dxc3
35. bxc3 Rd3 36. Ne4 Rd5 37. Rxd5 Bxd5 38. Nd6+ Rxd6 39. exd6 Qxd6 40. Rd1 Qxg3
41. Qxd5 1-0

[Event "V Festival Terra del Salento A"]
[Site "Gallipoli ITA"]
[Date "2000.06.24"]
[Round "3"]
[White "Vujovic, Milorad"]
[Black "Inkiov, Ventzislav V."]
[Result "0-1"]
[WhiteElo "2316"]
[BlackElo "2438"]
[PlyCount "54"]
[EventDate "2000.06.23"]

1. c4 e6 2. d4 Nf6 3. Nc3 Bb4 4. Qc2 d5 5. e3 c5 6. dxc5 Nc6 7. Nf3 O-O 8. Bd2
Bxc5 9. a3 d4 10. exd4 Nxd4 11. Nxd4 Qxd4 12. Nd1 b6 13. Bc3 Qh4 14. Bxf6 Qxf6
15. Bd3 Bb7 16. O-O Qf4 17. Nc3 f5 18. Qe2 Rf6 19. Nd1 Rh6 20. h3 Rxh3 21.
Qxe6+ Kh8 22. Re1 Qh2+ 23. Kf1 Qxg2+ 24. Ke2 Qf3+ 25. Kd2 Qxd3+ 26. Kc1 Be4 27.
Rxe4 Qxe4 0-1